000 01305nam a2200325 4500
001 101179
003 ES-SlBC
005 20221222145115.0
008 130618s sp 001 spa
017 _aNA 696-2009
_bOficina Depósito Legal Navarra
020 _a9788431326203
040 _aSpMaBN
_bspa
_cSpMaBN
_erdc
_dES-SlBC
041 1 _aspa
_alat
_hlat
080 _a1 Domingo Gundisalvo
080 _a128
100 1 _aAlonso del Real Montes, Concepción
_985887
245 1 4 _aEl "Tractatvs de anima" atribuido a Domenicvs Gvndi(s)salinvs
_cestudio, edición crítica y traducción castellana, Concepción Alonso del Real, Mª Jesús Soto Bruna
246 3 _aEl "Tractatus de anima" atribuido a Domenicus Gundi(s)salinus
250 _a1ª ed.
260 _aBarañáin, Navarra :
_bEUNSA
_c, 2009
300 _a378 p. :
_bil. ;
_c24 cm
490 0 _aColección de pensamiento medieval y renacentista
_v107
504 _aBibliografía: p. [51]-59. Índice
546 _aTexto original y traducción al español
600 0 7 _aDomingo Gundisalvo
_dfl. 1150
_tTractatus de anima
_986251
650 7 _aAlma
_vObras anteriores a 1800
_985900
700 1 _aSoto Bruna, María Jesús
_99574
700 0 _aDomingo Gundisalvo
_dfl. 1150
_tTractatus de anima
_lEspañol-Latín
_986252
942 _2udc
_cBK
999 _c422904
_d422904